| 000 | 00816nam a2200229 i 4500 | ||
|---|---|---|---|
| 001 | 90559 | ||
| 003 | ES-MaACL | ||
| 005 | 20240225063054.0 | ||
| 007 | t| | ||
| 008 | 050121s1919 it ||||1| ita d | ||
| 100 | 1 |
_aLenin, Vladimir Il'ich, _d1870-1924 _971523 |
|
| 245 | 1 | 2 |
_aL'opera di ricostruzione dei Soviet _b; La disciplina del lavoro ; I Fini e i mezi della rivoluzione russa / _cN. Lenin. |
| 260 |
_aMilano : _bAvanti, _c1919. |
||
| 300 |
_a64 p. ; _c18 cm. |
||
| 490 | 1 |
_aDocumenti della rivoluzione ; _v8 |
|
| 651 | 4 |
_aRusia- _xHistoria- _y1917-1921, Revolución. _99336 |
|
| 740 | 3 | _aLa disciplina del lavoro. | |
| 740 | 0 | _aI fini e i mezzi della rivoluzione russa. | |
| 830 | 0 |
_aDocumenti della rivoluzione ; _v8 _9184156 |
|
| 852 |
_aES-MaACL _j1553-F-5 |
||
| 999 |
_c90559 _d90559 |
||